[Event "European zonal 3"]
[Site "Vrnjacka Banja YUG"]
[Date "1972.03.31"]
[Round "1"]
[White "Bukic, Enver"]
[Black "Ciocaltea, Victor"]
[Result "1/2-1/2"]
[WhiteElo "2465"]
[BlackElo "2460"]
[EventDate "1972.03.31"]
[PlyCount "28"]

1.Nf3 Nf6 2.c4 g6 3.Nc3 Bg7 4.d4 O-O 5.Bg5 d6 6.e3 Nbd7 7.Be2 e5 8.Qc2 c6 
9.Rd1 Qe7 10.O-O h6 11.Bh4 g5 12.Bg3 Nh5 13.Bd3 Nxg3 14.hxg3 Nb6 1/2-1/2

[Event "European zonal 3"]
[Site "Vrnjacka Banja YUG"]
[Date "1972.03.31"]
[Round "1"]
[White "Hartston, William Roland"]
[Black "Pribyl, Josef"]
[Result "1/2-1/2"]
[WhiteElo "2390"]
[BlackElo "2435"]
[EventDate "1972.03.31"]
[PlyCount "57"]

1.e4 c5 2.Nc3 Nc6 3.Nge2 Nd4 4.d3 g6 5.Nd5 Bg7 6.c3 Nxe2 7.Bxe2 e6 8.Ne3 
d5 9.O-O Ne7 10.f4 O-O 11.Bf3 d4 12.cxd4 Qxd4 13.Rf2 b6 14.e5 Rb8 15.Nc2 
Qd7 16.d4 Rd8 17.Rd2 c4 18.Ne3 Ba6 19.d5 exd5 20.Nxd5 Nxd5 21.Rxd5 Qe7 22.
Be3 Bb7 23.Rxd8+ Rxd8 24.Qe2 Bxf3 25.Qxf3 f6 26.Qc6 fxe5 27.Qxc4+ Qf7 28.
Qxf7+ Kxf7 29.Rc1 1/2-1/2

[Event "European zonal 3"]
[Site "Vrnjacka Banja YUG"]
[Date "1972.03.31"]
[Round "1"]
[White "Kristinsson, Jon"]
[Black "Malich, Burkhard"]
[Result "0-1"]
[WhiteElo "2380"]
[BlackElo "2450"]
[EventDate "1972.03.31"]
[PlyCount "64"]

1.d4 Nf6 2.c4 g6 3.Nc3 d5 4.cxd5 Nxd5 5.e4 Nxc3 6.bxc3 Bg7 7.Bc4 O-O 8.Ne2
c5 9.Be3 Nc6 10.O-O Qc7 11.Rc1 Rd8 12.Qe1 Na5 13.Bd3 e6 14.f4 f5 15.Qf2 b6
16.Rcd1 cxd4 17.cxd4 Bb7 18.Ng3 Rac8 19.Bb1 Nc4 20.d5 fxe4 21.dxe6 Rxd1 
22.Rxd1 Nxe3 23.Qxe3 Rd8 24.Qb3 Rxd1+ 25.Qxd1 Qxf4 26.e7 Kf7 27.Qb3+ Kxe7 
28.Qb4+ Kd7 29.Qa4+ Kd8 30.Bxe4 Qe3+ 31.Kf1 Bd4 32.Qc2 Ba6+ 0-1

[Event "European zonal 3"]
[Site "Vrnjacka Banja YUG"]
[Date "1972.03.31"]
[Round "1"]
[White "Smejkal, Jan"]
[Black "Hohler, Peter"]
[Result "1-0"]
[WhiteElo "2515"]
[BlackElo "2330"]
[EventDate "1972.03.31"]
[PlyCount "123"]

1.c4 Nf6 2.Nf3 g6 3.Nc3 Bg7 4.e4 d6 5.d4 O-O 6.Be2 e5 7.Be3 Ng4 8.Bg5 f6 
9.Bh4 c6 10.O-O a5 11.d5 c5 12.Ne1 Nh6 13.f3 Na6 14.a3 Bd7 15.Nd3 Nf7 16.
Rb1 Bh6 17.Bf2 f5 18.Kh1 b6 19.b4 axb4 20.axb4 cxb4 21.Nxb4 Nc5 22.Nc6 Qc7
23.Nb5 Qb7 24.Nxd6 Qc7 25.Nb5 Qb7 26.Ne7+ Kh8 27.d6 Ra2 28.exf5 gxf5 29.
Qe1 Bxb5 30.Bxc5 bxc5 31.Rxb5 Qd7 32.Nd5 Qxd6 33.Bd3 e4 34.Bb1 Ra6 35.fxe4
fxe4 36.Qxe4 Ng5 37.Rxf8+ Qxf8 38.Qe5+ Bg7 39.Rb8 Bxe5 40.Rxf8+ Kg7 41.Rf1
Ne6 42.g3 Ra1 43.Kg2 Nd4 44.Ne3 Bc7 45.Ng4 Bd8 46.Re1 Nc6 47.Re6 Nd4 48.
Re1 Nc6 49.h4 Nd4 50.h5 h6 51.Re8 Bg5 52.Rb8 Ra7 53.Rb6 Ra1 54.Rb7+ Kf8 
55.Ne5 Ne6 56.Rf7+ Ke8 57.Bg6 Kd8 58.Nc6+ Kc8 59.Bf5 Re1 60.Kf2 Re3 61.Rh7
Bf4 62.Na7+ 1-0

[Event "European zonal 3"]
[Site "Vrnjacka Banja YUG"]
[Date "1972.04.01"]
[Round "2"]
[White "Pribyl, Josef"]
[Black "Smejkal, Jan"]
[Result "1-0"]
[WhiteElo "2435"]
[BlackElo "2515"]
[EventDate "1972.03.31"]
[PlyCount "63"]

1.d4 Nf6 2.c4 e6 3.Nc3 d5 4.Nf3 c5 5.cxd5 Nxd5 6.e4 Nxc3 7.bxc3 cxd4 8.
cxd4 Bb4+ 9.Bd2 Bxd2+ 10.Qxd2 O-O 11.Bc4 b6 12.d5 Na6 13.dxe6 fxe6 14.Rd1 
Qc7 15.Rc1 Nc5 16.O-O Nxe4 17.Qc2 Qf4 18.Rfe1 Nc5 19.Re5 h6 20.Rce1 Rf6 
21.Rd1 Rf8 22.Rd4 Qf6 23.Rg4 Bd7 24.Rg6 Qf4 25.h3 Rac8 26.Rg4 Qf6 27.Qe2 
a6 28.Qe3 b5 29.Bf1 Na4 30.Rh5 Qa1 31.Ne5 Rc1 32.Rxg7+ 1-0

[Event "European zonal 3"]
[Site "Vrnjacka Banja YUG"]
[Date "1972.04.01"]
[Round "2"]
[White "Ciocaltea, Victor"]
[Black "Bobotsov, Milko"]
[Result "1/2-1/2"]
[WhiteElo "2460"]
[BlackElo "2485"]
[EventDate "1972.03.31"]
[PlyCount "26"]

1.e4 e6 2.d4 d5 3.e5 c5 4.c3 Nc6 5.Nf3 Qb6 6.a3 Bd7 7.b4 cxd4 8.cxd4 Rc8 
9.Be2 Nge7 10.O-O Nf5 11.Bb2 h5 12.Kh1 Be7 13.Nc3 Qd8 1/2-1/2

[Event "European zonal 3"]
[Site "Vrnjacka Banja YUG"]
[Date "1972.04.01"]
[Round "2"]
[White "Csom, Istvan"]
[Black "Bukic, Enver"]
[Result "1/2-1/2"]
[WhiteElo "2480"]
[BlackElo "2465"]
[EventDate "1972.03.31"]
[PlyCount "26"]

1.Nf3 Nf6 2.g3 g6 3.Bg2 Bg7 4.d4 O-O 5.O-O d6 6.c4 c5 7.Nc3 Nc6 8.d5 Na5 
9.Nd2 e5 10.a3 b6 11.b4 Nb7 12.Bb2 Ng4 13.h3 Nh6 1/2-1/2

[Event "European zonal 3"]
[Site "Vrnjacka Banja YUG"]
[Date "1972.04.01"]
[Round "2"]
[White "Malich, Burkhard"]
[Black "Hartston, William Roland"]
[Result "1/2-1/2"]
[WhiteElo "2450"]
[BlackElo "2390"]
[EventDate "1972.03.31"]
[PlyCount "46"]

1.d4 Nf6 2.c4 g6 3.Nc3 d5 4.Nf3 Bg7 5.e3 O-O 6.Be2 c5 7.O-O cxd4 8.exd4 
Nc6 9.Bf4 Bg4 10.c5 Ne4 11.Be3 e6 12.Re1 Bxf3 13.Bxf3 Ng5 14.Be2 e5 15.
Bxg5 Qxg5 16.dxe5 d4 17.Ne4 Qxe5 18.Bb5 Qc7 19.Rc1 Rad8 20.Bxc6 Qxc6 21.
Qd3 Qd5 22.b4 Rfe8 23.a3 Re7 1/2-1/2

[Event "European zonal 3"]
[Site "Vrnjacka Banja YUG"]
[Date "1972.04.01"]
[Round "2"]
[White "Rukavina, Josip"]
[Black "Kristinsson, Jon"]
[Result "1/2-1/2"]
[WhiteElo "2380"]
[BlackElo "2380"]
[EventDate "1972.03.31"]
[PlyCount "84"]

1.Nf3 Nf6 2.g3 b6 3.Bg2 Bb7 4.O-O e6 5.d4 Be7 6.c4 O-O 7.b3 c5 8.Bb2 d6 9.
Nc3 Ne4 10.Qc2 Nxc3 11.Bxc3 Nd7 12.Ng5 Bxg5 13.Bxb7 Rb8 14.Be4 h6 15.Rad1 
Qe7 16.e3 Bf6 17.Rd2 Rfd8 18.Rfd1 Nf8 19.Rd3 d5 20.cxd5 exd5 21.Bg2 c4 22.
bxc4 dxc4 23.R3d2 b5 24.d5 Bxc3 25.Qxc3 Qc5 26.Rd4 Rbc8 27.Rb1 a6 28.Rg4 
g6 29.e4 h5 30.Rf4 Re8 31.Bh3 Rcd8 32.g4 hxg4 33.Bxg4 Nh7 34.h4 Qe7 35.Kg2
Rd6 36.Bf3 Qe5 37.Qxe5 Rxe5 38.Bd1 Nf6 39.Bc2 Kg7 40.Rd1 Nd7 41.Rf3 b4 42.
Rg3 Nb6 1/2-1/2

[Event "European zonal 3"]
[Site "Vrnjacka Banja YUG"]
[Date "1972.04.02"]
[Round "3"]
[White "Bobotsov, Milko"]
[Black "Csom, Istvan"]
[Result "1/2-1/2"]
[WhiteElo "2485"]
[BlackElo "2480"]
[EventDate "1972.03.31"]
[PlyCount "42"]

1.d4 Nf6 2.c4 e6 3.Nf3 d5 4.Nc3 Be7 5.Bg5 O-O 6.e3 Nbd7 7.Rc1 a6 8.cxd5 
exd5 9.Bd3 c6 10.O-O Re8 11.Bf4 Nf8 12.g3 g6 13.Ne5 Ne6 14.Bh6 Ng7 15.g4 
Nd7 16.Nf3 Ne6 17.Ne2 Ng5 18.Nf4 Ne4 19.Nd2 Nd6 20.Ng2 Bg5 21.Bxg5 Qxg5 
1/2-1/2

[Event "European zonal 3"]
[Site "Vrnjacka Banja YUG"]
[Date "1972.04.02"]
[Round "3"]
[White "Hartston, William Roland"]
[Black "Rukavina, Josip"]
[Result "1/2-1/2"]
[WhiteElo "2390"]
[BlackElo "2380"]
[EventDate "1972.03.31"]
[PlyCount "81"]

1.e4 g6 2.d4 Bg7 3.Nc3 d6 4.Be3 c6 5.Qd2 Nd7 6.f3 Ngf6 7.Nh3 b5 8.Nf2 a6 
9.Be2 Qc7 10.O-O O-O 11.Bh6 c5 12.Bxg7 Kxg7 13.d5 Bb7 14.a4 b4 15.Ncd1 e6 
16.Ne3 exd5 17.exd5 Rae8 18.c4 Re7 19.Rae1 Rfe8 20.Bd1 Ng8 21.Bc2 Bc8 22.
g3 Nh6 23.f4 f5 24.h3 Nf6 25.Kh2 Qd8 26.b3 Bd7 27.Re2 Nf7 28.Rfe1 h5 29.
Bd3 Nh6 30.Qb2 Kf7 31.Ng2 Rxe2 32.Rxe2 Rxe2 33.Qxe2 Nh7 34.Nh4 Qf6 35.Nf3 
Kg7 36.Nd1 g5 37.h4 Ng4+ 38.Kg2 gxf4 39.gxf4 Nf8 40.Kg3 Ng6 41.Qb2 1/2-1/2

[Event "European zonal 3"]
[Site "Vrnjacka Banja YUG"]
[Date "1972.04.02"]
[Round "3"]
[White "Hohler, Peter"]
[Black "Pribyl, Josef"]
[Result "1/2-1/2"]
[WhiteElo "2330"]
[BlackElo "2435"]
[EventDate "1972.03.31"]
[PlyCount "32"]

1.Nf3 Nf6 2.c4 g6 3.Nc3 d5 4.cxd5 Nxd5 5.Qa4+ Bd7 6.Qc2 Nb6 7.d4 Bg7 8.e4 
Bg4 9.Ne5 Be6 10.Be3 O-O 11.Rd1 c6 12.b3 N8d7 13.Nd3 f6 14.Be2 Bf7 15.O-O 
Qe8 16.f4 f5 1/2-1/2

[Event "European zonal 3"]
[Site "Vrnjacka Banja YUG"]
[Date "1972.04.03"]
[Round "4"]
[White "Ciocaltea, Victor"]
[Black "Kristinsson, Jon"]
[Result "1-0"]
[WhiteElo "2460"]
[BlackElo "2380"]
[EventDate "1972.03.31"]
[PlyCount "91"]

1.e4 e5 2.Nf3 Nc6 3.Bb5 Nf6 4.O-O Nxe4 5.d4 a6 6.Ba4 b5 7.Bb3 d5 8.Nxe5 
Nxe5 9.dxe5 c6 10.Be3 Be7 11.Nd2 Bf5 12.Nf3 Bg4 13.h3 Bxf3 14.Qxf3 O-O 15.
c3 Qd7 16.Rad1 Nc5 17.Bc2 f5 18.b4 Nb7 19.a4 Qe6 20.Bd4 Kh8 21.axb5 axb5 
22.Ra1 g6 23.g4 fxg4 24.Qxg4 Qxg4+ 25.hxg4 c5 26.Rxa8 Rxa8 27.bxc5 Nxc5 
28.Rb1 Rb8 29.f4 b4 30.f5 b3 31.Bd1 Kg8 32.Kg2 b2 33.Bf3 Ne4 34.Bxe4 dxe4 
35.f6 Ba3 36.e6 Rb5 37.Kg3 g5 38.Kf2 Rd5 39.Ke3 Rd6 40.e7 Re6 41.c4 Kf7 
42.c5 Rc6 43.Kxe4 Bxc5 44.Bxc5 Rxc5 45.Rxb2 Rc6 46.Rb8 1-0

[Event "European zonal 3"]
[Site "Vrnjacka Banja YUG"]
[Date "1972.04.03"]
[Round "4"]
[White "Malich, Burkhard"]
[Black "Hohler, Peter"]
[Result "1-0"]
[WhiteElo "2450"]
[BlackElo "2330"]
[EventDate "1972.03.31"]
[PlyCount "81"]

1.d4 Nf6 2.c4 g6 3.Nc3 d5 4.Nf3 Bg7 5.Bg5 Ne4 6.cxd5 Nxg5 7.Nxg5 e6 8.Qd2 
h6 9.Nh3 exd5 10.Qe3+ Kf8 11.Nf4 c6 12.O-O-O Nd7 13.g4 Nf6 14.h3 h5 15.g5 
Ne8 16.Rg1 Nd6 17.Qf3 Bf5 18.e3 Ne4 19.Nxe4 Bxe4 20.Ne6+ Kg8 21.Qxe4 Qe7 
22.Qf3 Qxe6 23.h4 Kh7 24.Bd3 Kg8 25.Kb1 Bf8 26.Rge1 Bb4 27.Re2 Re8 28.Qh1 
Kg7 29.f4 Qd6 30.Qf3 Ba5 31.f5 Rhf8 32.Rf1 Bc7 33.Rg2 Bd8 34.Rgf2 Bc7 35.
Rg2 Bd8 36.Qe2 Kg8 37.Rf3 Kg7 38.Rgf2 Kg8 39.Qf1 Be7 40.f6 Bd8 41.Bxg6 1-0

[Event "European zonal 3"]
[Site "Vrnjacka Banja YUG"]
[Date "1972.04.03"]
[Round "4"]
[White "Rukavina, Josip"]
[Black "Smejkal, Jan"]
[Result "1/2-1/2"]
[WhiteElo "2380"]
[BlackElo "2515"]
[EventDate "1972.03.31"]
[PlyCount "152"]

1.Nf3 Nf6 2.c4 g6 3.b3 Bg7 4.Bb2 O-O 5.e3 c5 6.Be2 Nc6 7.O-O d5 8.Na3 d4 
9.exd4 cxd4 10.d3 Nd7 11.Nc2 Nc5 12.Ba3 b6 13.Nb4 Nb8 14.Ng5 a5 15.Nc2 Bf5
16.Bxc5 bxc5 17.Bf3 Ra6 18.Na3 Bh6 19.Ne4 Qb6 20.Re1 Bd7 21.Nc2 Nc6 22.Ng3
Re8 23.a3 Qc7 24.Rb1 Rb6 25.Bxc6 Bxc6 26.b4 Reb8 27.Ne4 cxb4 28.axb4 axb4 
29.Nxd4 Be8 30.Nb3 Rd8 31.Qe2 Bg7 32.h4 Re6 33.Qd2 Rb6 34.Qe3 Bc6 35.d4 
Bxe4 36.Qxe4 Qxc4 37.Qxe7 Rbd6 38.Rec1 Qd3 39.Nc5 Qxd4 40.Nb7 R6d7 41.Qxb4
Qxb4 42.Rxb4 Rb8 43.Rcb1 Rd5 44.g3 Rc8 45.Rb6 Rc2 46.Rd6 Rxd6 47.Nxd6 Bd4 
48.Rf1 f5 49.Nb5 Bc5 50.Kg2 Kf7 51.Nc7 Bxf2 52.Rxf2 Rxc7 53.Ra2 Ke6 54.Ra8
Re7 55.Kf3 Ke5 56.Ra5+ Kf6 57.Rb5 h6 58.Ra5 g5 59.hxg5+ hxg5 60.Rb5 Re6 
61.Rb8 g4+ 62.Kf2 Rc6 63.Rf8+ Kg6 64.Rg8+ Kf7 65.Ra8 Rc2+ 66.Ke3 Rg2 67.
Kf4 Rf2+ 68.Kg5 Ke6 69.Re8+ Kd5 70.Re7 Kd4 71.Re8 Rf3 72.Re7 Kd3 73.Re5 
Kd4 74.Rxf5 Ke4 75.Ra5 Rxg3 76.Kh4 Rg2 1/2-1/2

[Event "European zonal 3"]
[Site "Vrnjacka Banja YUG"]
[Date "1972.04.03"]
[Round "4"]
[White "Bukic, Enver"]
[Black "Bobotsov, Milko"]
[Result "1/2-1/2"]
[WhiteElo "2465"]
[BlackElo "2485"]
[EventDate "1972.03.31"]
[PlyCount "37"]

1.Nf3 c5 2.b3 Nc6 3.Bb2 d6 4.d4 cxd4 5.Nxd4 Nf6 6.g3 Qa5+ 7.Qd2 Qxd2+ 8.
Nxd2 Bd7 9.Bg2 Nxd4 10.Bxd4 Bc6 11.Bxc6+ bxc6 12.e4 Nd7 13.O-O-O e6 14.
Rhe1 h5 15.h4 O-O-O 16.Kb1 Kb7 17.Nf3 f6 18.Bb2 e5 19.Re2 1/2-1/2

[Event "European zonal 3"]
[Site "Vrnjacka Banja YUG"]
[Date "1972.04.04"]
[Round "5"]
[White "Hartston, William Roland"]
[Black "Ciocaltea, Victor"]
[Result "1-0"]
[WhiteElo "2390"]
[BlackElo "2460"]
[EventDate "1972.03.31"]
[PlyCount "59"]

1.e4 c5 2.Nf3 d6 3.d4 cxd4 4.Nxd4 Nf6 5.Nc3 g6 6.Be3 Bg7 7.f3 O-O 8.Bc4 
Nc6 9.Qe2 Bd7 10.O-O-O Ne5 11.Bb3 Qb8 12.h4 b5 13.Nd5 e6 14.Nxf6+ Bxf6 15.
h5 Nc4 16.hxg6 hxg6 17.Bxc4 bxc4 18.c3 Qc7 19.g4 Rfb8 20.Kb1 Rb7 21.Qh2 
Rab8 22.Rd2 Qa5 23.Bf4 Be5 24.Ka1 Be8 25.Bxe5 Qxe5 26.f4 Qg7 27.f5 e5 28.
g5 f6 29.Ne6 Qh7 30.Qg1 1-0

[Event "European zonal 3"]
[Site "Vrnjacka Banja YUG"]
[Date "1972.04.04"]
[Round "5"]
[White "Hohler, Peter"]
[Black "Rukavina, Josip"]
[Result "0-1"]
[WhiteElo "2330"]
[BlackElo "2380"]
[EventDate "1972.03.31"]
[PlyCount "84"]

1.d4 g6 2.e4 Bg7 3.c4 d6 4.Nc3 Nd7 5.f4 e5 6.fxe5 dxe5 7.d5 Nh6 8.h4 Nf6 
9.Bg5 Nhg4 10.Be2 h6 11.Bd2 c6 12.Qb3 O-O 13.Bf3 cxd5 14.cxd5 Rb8 15.a4 a6
16.Nge2 b5 17.axb5 axb5 18.Nd1 Nh5 19.Bb4 Re8 20.Nf2 Nhf6 21.g3 Qb6 22.O-O
Nxf2 23.Rxf2 Ng4 24.Bxg4 Bxg4 25.Qd3 f5 26.Bd2 Rb7 27.Be3 Qd6 28.Qd2 Kh7 
29.b4 fxe4 30.Bc5 Qd7 31.Nc3 Bf3 32.Kh2 Qg4 33.Rff1 g5 34.Qf2 gxh4 35.gxh4
Bf6 36.Rg1 Qh5 37.Kh3 e3 38.Bxe3 e4 39.Bd4 Qf5+ 40.Kh2 e3 41.Qxf3 Qxf3 42.
Raf1 Qxf1 0-1

[Event "European zonal 3"]
[Site "Vrnjacka Banja YUG"]
[Date "1972.04.04"]
[Round "5"]
[White "Kristinsson, Jon"]
[Black "Csom, Istvan"]
[Result "0-1"]
[WhiteElo "2380"]
[BlackElo "2480"]
[EventDate "1972.03.31"]
[PlyCount "154"]

1.d4 Nf6 2.c4 e6 3.Nc3 Bb4 4.e3 b6 5.Ne2 Ba6 6.a3 Be7 7.Ng3 d5 8.cxd5 Bxf1
9.Nxf1 Nxd5 10.Ng3 Nxc3 11.bxc3 Qd5 12.Qf3 Qxf3 13.gxf3 Nc6 14.Ke2 Na5 15.
Ne4 Rc8 16.Nd2 c5 17.a4 O-O 18.Ba3 Rc7 19.Rac1 Rfc8 20.Bb2 f6 21.f4 Kf7 
22.Kd3 Bf8 23.h3 Ke8 24.Rhg1 Rd8 25.f3 Rd5 26.Rce1 Kf7 27.Rc1 Rh5 28.Rh1 
Be7 29.Rce1 Rh4 30.Reg1 Nc6 31.Rc1 Rd7 32.Ke2 Na5 33.Rcg1 Bf8 34.Rg4 Rh5 
35.Rgg1 Rc7 36.Rc1 Rd5 37.Kd3 g6 38.Ke2 Rh5 39.Kd3 Be7 40.Ke2 Rh4 41.Kd3 
Rc8 42.Ke2 h6 43.Kf2 g5 44.fxg5 hxg5 45.Kg2 f5 46.Rhf1 Bd6 47.Rh1 Ke7 48.
Ba3 Rch8 49.Rcd1 Re8 50.Rc1 Kd7 51.Bb2 Kc7 52.Ba3 Kc6 53.Bb2 Re7 54.Ba3 
Reh7 55.Rcd1 Be7 56.Bb2 R4h5 57.Rde1 Bd6 58.Rd1 Bc7 59.Ba3 Rh4 60.Bb2 R7h6
61.Ba1 Rh7 62.Bb2 Bb8 63.Ba1 R4h5 64.Bb2 R5h6 65.Ba3 Rh8 66.Bb2 Rh4 67.Ba1
c4 68.Bb2 Bd6 69.Ba1 a6 70.Bb2 R8h7 71.Ba1 R7h6 72.Bb2 Rh8 73.Ba1 R8h6 74.
Bb2 Rh7 75.Ba1 b5 76.axb5+ axb5 77.Bb2 Nb3 0-1

[Event "European zonal 3"]
[Site "Vrnjacka Banja YUG"]
[Date "1972.04.04"]
[Round "5"]
[White "Pribyl, Josef"]
[Black "Malich, Burkhard"]
[Result "1/2-1/2"]
[WhiteElo "2435"]
[BlackElo "2450"]
[EventDate "1972.03.31"]
[PlyCount "107"]

1.e4 c5 2.Nc3 d6 3.f4 Nf6 4.Nf3 e6 5.Bb5+ Bd7 6.Bxd7+ Qxd7 7.e5 dxe5 8.
Nxe5 Qc8 9.Qf3 Be7 10.b3 O-O 11.Bb2 Nbd7 12.O-O-O Nb6 13.g4 Nfd5 14.f5 
Nxc3 15.Qxc3 f6 16.Nc4 exf5 17.gxf5 Qxf5 18.Rdf1 Qd7 19.Rhg1 Nd5 20.Qg3 
Bd8 21.Rf5 Nb4 22.a3 Nc6 23.Rxc5 Bc7 24.Qh4 Ne7 25.Ne3 Bd6 26.Qc4+ Rf7 27.
Rh5 Ng6 28.Nf5 Bf4 29.Bc3 Rc8 30.Ne7+ Nxe7 31.Qxf4 Ng6 32.Qg3 Qc7 33.Qg4 
Qd7 34.Rf5 Re8 35.Kb2 b6 36.a4 Qc6 37.Rh5 Qd7 38.Qg3 Qc7 39.a5 Qxg3 40.
hxg3 Ne5 41.axb6 axb6 42.Bxe5 fxe5 43.Re1 Rf3 44.Rhxe5 Rxe5 45.Rxe5 Rxg3 
46.d4 Kf7 47.d5 g6 48.d6 Rg1 49.Re7+ Kf6 50.Rxh7 Rd1 51.d7 Ke6 52.Rg7 Kf6 
53.Rh7 Ke6 54.Rg7 1/2-1/2

[Event "European zonal 3"]
[Site "Vrnjacka Banja YUG"]
[Date "1972.04.05"]
[Round "6"]
[White "Rukavina, Josip"]
[Black "Pribyl, Josef"]
[Result "1-0"]
[WhiteElo "2380"]
[BlackElo "2435"]
[EventDate "1972.03.31"]
[PlyCount "81"]

1.Nf3 Nf6 2.g3 g6 3.b3 Bg7 4.Bb2 c5 5.c4 Nc6 6.Bg2 O-O 7.O-O d5 8.cxd5 
Nxd5 9.Bxg7 Kxg7 10.Qc1 b6 11.Qb2+ Kg8 12.Rd1 Bg4 13.Ne5 Nxe5 14.Qxe5 Be6 
15.Nc3 Nb4 16.Bxa8 Qxa8 17.Qe4 Qc8 18.Rac1 Nc6 19.Qe3 f5 20.f4 Bf7 21.Nb5 
Re8 22.Qc3 a6 23.Na3 Nd4 24.Re1 Bd5 25.Nc2 Nb5 26.Qe5 Bb7 27.d3 Qc6 28.e4 
Rd8 29.a4 Nc7 30.Red1 Rd6 31.b4 Qd7 32.bxc5 bxc5 33.Ne3 Rxd3 34.Qxc5 Ne6 
35.Qc4 fxe4 36.Rb1 Bc6 37.Rxd3 exd3 38.Rb6 d2 39.Rxc6 d1=Q+ 40.Nxd1 Qxd1+ 
41.Kg2 1-0

[Event "European zonal 3"]
[Site "Vrnjacka Banja YUG"]
[Date "1972.04.05"]
[Round "6"]
[White "Bukic, Enver"]
[Black "Kristinsson, Jon"]
[Result "1/2-1/2"]
[WhiteElo "2465"]
[BlackElo "2380"]
[EventDate "1972.03.31"]
[PlyCount "66"]

1.Nf3 Nf6 2.c4 e6 3.g3 b6 4.Bg2 Bb7 5.Nc3 Be7 6.d4 O-O 7.Qc2 c5 8.d5 exd5 
9.Ng5 g6 10.Nh3 Nc6 11.cxd5 Nb4 12.Qd1 d6 13.Nf4 Nd7 14.O-O Bf6 15.a3 Na6 
16.Ne4 Bg7 17.Rb1 Re8 18.b3 Nf6 19.Nc3 Bf8 20.Re1 Bg7 21.Bb2 Nc7 22.e4 Rb8
23.Qd2 b5 24.b4 Nd7 25.bxc5 Nxc5 26.Nd3 Nxd3 27.Qxd3 b4 28.axb4 Ba6 29.b5 
Nxb5 30.Nxb5 Bxb5 31.Qd2 Bxb2 32.Rxb2 a6 33.Qd4 Qa5 1/2-1/2

[Event "European zonal 3"]
[Site "Vrnjacka Banja YUG"]
[Date "1972.04.05"]
[Round "6"]
[White "Ciocaltea, Victor"]
[Black "Smejkal, Jan"]
[Result "0-1"]
[WhiteElo "2460"]
[BlackElo "2515"]
[EventDate "1972.03.31"]
[PlyCount "72"]

1.e4 c5 2.Nf3 d6 3.d4 cxd4 4.Nxd4 Nf6 5.Nc3 a6 6.f4 Qc7 7.Bd3 e5 8.Nf3 b5 
9.a3 Nbd7 10.O-O Bb7 11.Qe1 g6 12.Kh1 Bg7 13.Qh4 O-O 14.fxe5 dxe5 15.Bh6 
Nh5 16.Bxg7 Kxg7 17.Ng5 Ndf6 18.Rac1 h6 19.Nf3 Rfe8 20.Ne2 Nh7 21.Ng3 N5f6
22.Nd2 Qe7 23.b4 Bc8 24.Ne2 Ng5 25.Nf3 Bb7 26.Ng3 Nd7 27.Qg4 Bc8 28.Nh4 
Kh7 29.Qe2 Ne6 30.Nhf5 Qg5 31.h4 Qd8 32.Qe3 gxf5 33.Nxf5 Nf4 34.g3 Nb6 35.
gxf4 Bxf5 36.exf5 Qxh4+ 0-1

[Event "European zonal 3"]
[Site "Vrnjacka Banja YUG"]
[Date "1972.04.05"]
[Round "6"]
[White "Csom, Istvan"]
[Black "Hartston, William Roland"]
[Result "1/2-1/2"]
[WhiteElo "2480"]
[BlackElo "2390"]
[EventDate "1972.03.31"]
[PlyCount "36"]

1.Nf3 Nf6 2.g3 g6 3.Bg2 Bg7 4.d3 O-O 5.O-O d6 6.e4 e5 7.Nh4 d5 8.Nd2 dxe4 
9.dxe4 b6 10.Re1 Ba6 11.Nb3 Qe7 12.Bf1 Rd8 13.Qf3 Bb7 14.Qg2 Ne8 15.f3 Nd6
16.Be3 f5 17.Bd3 Nd7 18.Nd2 Bf6 1/2-1/2

[Event "European zonal 3"]
[Site "Vrnjacka Banja YUG"]
[Date "1972.04.06"]
[Round "7"]
[White "Hartston, William Roland"]
[Black "Bukic, Enver"]
[Result "1-0"]
[WhiteElo "2390"]
[BlackElo "2465"]
[EventDate "1972.03.31"]
[PlyCount "43"]

1.e4 c5 2.Nf3 d6 3.d4 cxd4 4.Nxd4 Nf6 5.Nc3 a6 6.Be3 e6 7.Be2 Nbd7 8.f4 
Qc7 9.Bf3 Be7 10.g4 Nb6 11.Qd3 Nfd7 12.O-O-O Nc5 13.Qe2 Bd7 14.g5 Nba4 15.
Nxa4 Bxa4 16.Kb1 O-O-O 17.h4 Rhe8 18.Nb3 Bc6 19.Bd4 Bf8 20.Bc3 Kb8 21.Nxc5
Bb5 22.Nd3 1-0

[Event "European zonal 3"]
[Site "Vrnjacka Banja YUG"]
[Date "1972.04.06"]
[Round "7"]
[White "Malich, Burkhard"]
[Black "Rukavina, Josip"]
[Result "0-1"]
[WhiteElo "2450"]
[BlackElo "2380"]
[EventDate "1972.03.31"]
[PlyCount "80"]

1.d4 d5 2.c4 e6 3.Nf3 Nf6 4.Bg5 Be7 5.Nc3 h6 6.Bh4 O-O 7.e3 b6 8.Be2 Bb7 
9.Bxf6 Bxf6 10.cxd5 exd5 11.Qb3 c6 12.O-O Re8 13.Rad1 Na6 14.Rfe1 Nc7 15.
Bd3 Bc8 16.h3 Be6 17.Qc2 g6 18.Ne2 Bd7 19.Nf4 Ne6 20.Nxe6 Rxe6 21.e4 dxe4 
22.Bxe4 Rc8 23.Ne5 Be8 24.f4 Rd6 25.Qb3 Kg7 26.d5 cxd5 27.Bxd5 Ba4 28.Qxa4
Rxd5 29.Kh1 Rcc5 30.b4 Rc3 31.Ng4 b5 32.Nxf6 bxa4 33.Nxd5 Rc2 34.f5 Qg5 
35.f6+ Kh7 36.Ne3 Rxa2 37.Rd7 Qxf6 38.Ng4 Qf4 39.Ne5 Qg3 40.Rxf7+ Kg8 0-1

[Event "European zonal 3"]
[Site "Vrnjacka Banja YUG"]
[Date "1972.04.06"]
[Round "7"]
[White "Smejkal, Jan"]
[Black "Csom, Istvan"]
[Result "1/2-1/2"]
[WhiteElo "2515"]
[BlackElo "2480"]
[EventDate "1972.03.31"]
[PlyCount "81"]

1.c4 Nf6 2.g3 e6 3.Bg2 d5 4.Nf3 Nbd7 5.Qc2 c6 6.d4 Be7 7.O-O O-O 8.Rd1 Ne4
9.Nc3 f5 10.Ne1 Nd6 11.c5 Nf7 12.Nd3 Bf6 13.Be3 Qe7 14.f4 b6 15.b4 a5 16.
a3 Ba6 17.Ne5 Bxe5 18.dxe5 axb4 19.axb4 bxc5 20.bxc5 Bc4 21.Na4 Rfb8 22.
Nb6 Nxb6 23.cxb6 Rxa1 24.Rxa1 Nd8 25.Qb2 Nb7 26.Ra7 c5 27.Bf3 Qe8 28.Qa3 
Qd8 29.Bxc5 Nxc5 30.Qxc5 Qxb6 31.Qxb6 Rxb6 32.Kf2 Bb5 33.g4 fxg4 34.Bxg4 
Be8 35.Ke3 h5 36.Bf3 Bg6 37.Ra4 Rc6 38.Ra8+ Kh7 39.Rd8 Rc3+ 40.Kf2 Bf5 41.
Bxh5 1/2-1/2

[Event "European zonal 3"]
[Site "Vrnjacka Banja YUG"]
[Date "1972.04.06"]
[Round "7"]
[White "Kristinsson, Jon"]
[Black "Bobotsov, Milko"]
[Result "1/2-1/2"]
[WhiteElo "2380"]
[BlackElo "2485"]
[EventDate "1972.03.31"]
[PlyCount "37"]

1.d4 Nf6 2.c4 e6 3.Nc3 Bb4 4.e3 c5 5.Ne2 d6 6.a3 Ba5 7.Rb1 Nc6 8.d5 exd5 
9.cxd5 Ne5 10.Ng3 O-O 11.Be2 Re8 12.O-O c4 13.h3 a6 14.f4 Ng6 15.Bxc4 Bb6 
16.Qd3 Qe7 17.Nd1 h5 18.Bd2 h4 19.Ne2 1/2-1/2

[Event "European zonal 3"]
[Site "Vrnjacka Banja YUG"]
[Date "1972.04.07"]
[Round "8"]
[White "Bukic, Enver"]
[Black "Smejkal, Jan"]
[Result "1/2-1/2"]
[WhiteElo "2465"]
[BlackElo "2515"]
[EventDate "1972.03.31"]
[PlyCount "122"]

1.d4 Nf6 2.c4 g6 3.Nc3 d5 4.Bg5 Ne4 5.Bh4 c5 6.e3 Nxc3 7.bxc3 Bg7 8.cxd5 
cxd4 9.exd4 Qxd5 10.Nf3 Nc6 11.Be2 O-O 12.O-O e5 13.c4 Qe4 14.d5 Nd4 15.
Nxd4 Qxh4 16.Nb5 Bd7 17.a4 e4 18.Rb1 Be5 19.g3 Qf6 20.Bg4 Rfd8 21.Bxd7 
Rxd7 22.Qg4 Qf5 23.Qxf5 gxf5 24.f4 Bf6 25.Rfd1 Rc8 26.Rbc1 a6 27.Nd4 Bxd4+
28.Rxd4 Kf8 29.c5 a5 30.Kf2 Rdc7 31.Rdc4 Rd8 32.d6 Rc6 33.Rd1 b6 34.Rd5 
bxc5 35.Rcxc5 Rdxd6 36.Rxf5 Rxc5 37.Rxc5 Rd2+ 38.Ke3 Rxh2 39.Kxe4 Ra2 40.
Rxa5 h5 41.Kd5 Kg7 42.Kc4 f6 43.Kb4 Rb2+ 44.Kc3 Ra2 45.Kb3 Rg2 46.Rxh5 
Rxg3+ 47.Kb4 Rg4 48.a5 Rxf4+ 49.Kb5 f5 50.Rh3 Re4 51.Ra3 Kf6 52.a6 Re5+ 
53.Kc6 Re6+ 54.Kd7 Re7+ 55.Kd8 Ra7 56.Kc8 Ke5 57.Kb8 Rxa6 58.Rxa6 f4 59.
Kc7 f3 60.Kc6 f2 61.Ra1 Kd4 1/2-1/2

[Event "European zonal 3"]
[Site "Vrnjacka Banja YUG"]
[Date "1972.04.07"]
[Round "8"]
[White "Bobotsov, Milko"]
[Black "Hartston, William Roland"]
[Result "1/2-1/2"]
[WhiteElo "2485"]
[BlackElo "2390"]
[EventDate "1972.03.31"]
[PlyCount "39"]

1.c4 g6 2.Nc3 c5 3.g3 Bg7 4.Bg2 Nc6 5.a3 e6 6.b4 Nxb4 7.axb4 cxb4 8.Nf3 
bxc3 9.d4 Ne7 10.O-O O-O 11.Qb3 d5 12.c5 Nc6 13.Qxc3 Re8 14.Bf4 b5 15.cxb6
Qxb6 16.e3 Bf8 17.Rfc1 Bd7 18.Rab1 Bb4 19.Qb2 a5 20.Ne1 1/2-1/2

[Event "European zonal 3"]
[Site "Vrnjacka Banja YUG"]
[Date "1972.04.07"]
[Round "8"]
[White "Ciocaltea, Victor"]
[Black "Pribyl, Josef"]
[Result "1/2-1/2"]
[WhiteElo "2460"]
[BlackElo "2435"]
[EventDate "1972.03.31"]
[PlyCount "55"]

1.e4 c5 2.Nf3 Nf6 3.d3 Nc6 4.g3 g6 5.Bg2 Bg7 6.O-O O-O 7.Nbd2 d6 8.Re1 Ne8
9.c3 Nc7 10.a4 Rb8 11.Nc4 b6 12.d4 cxd4 13.Nxd4 Nxd4 14.cxd4 d5 15.exd5 
Nxd5 16.a5 Bb7 17.axb6 axb6 18.Ra7 e6 19.Ne5 b5 20.Ra1 Ne7 21.Bxb7 Rxb7 
22.Qf3 Qd5 23.Qxd5 Nxd5 24.Bd2 Rc8 25.Rec1 Rxc1+ 26.Rxc1 Rc7 27.Rxc7 Nxc7 
28.Kf1 1/2-1/2